Science Quiz

Random Science or Math Quiz

Fast Math II Quiz Stats

 Plays Quiz Updated Oct 3, 2018

Score 0/35 Timer 02:00
24 Plays Today
Initial Calculation Answer % Correct
DL 1 - Addition (begin with 18+36)54
99.4%
83
93.6%
85
93.4%
122
92.2%
DL 2 - Subtraction (begin with 500-36)464
92.1%
177
92%
196
91.3%
452
89.7%
247
88%
DL 3 - Multiplication (begin with 2*4)8
84.8%
162
83.5%
40
82.3%
90
82.3%
120
81.6%
35
81%
60
79.8%
120
79%
2400
75.4%
Initial Calculation Answer % Correct
DL 4 - Division (begin with 320/2)160
75.1%
40
72%
20
71.1%
80
62.9%
40
61.9%
8
60.5%
DL 5 - Powers (begin with 2^4)16
57.1%
256
37.8%
4
28.1%
DL 6 - Grab Bag (begin with 23+62)85
27.9%
64
25.8%
8
24.4%
21
24.4%
1
23.2%
84
22.8%
12
20.6%
144
19%

You're not logged in!

Compare scores with friends on all Sporcle quizzes.
OR
Log In

Show Comments

Extras

Top Quizzes Today


Score Distribution

Your Account Isn't Verified!

In order to create a playlist on Sporcle, you need to verify the email address you used during registration. Go to your Sporcle Settings to finish the process.

Report this User

Report this user for behavior that violates our Community Guidelines.

Details: